| 000 | 01357cam a22004097a 4500 | ||
|---|---|---|---|
| 003 | CHAP | ||
| 005 | 20220329143030.0 | ||
| 008 | 050921d2001 mx r 00110 spa d | ||
| 010 | _a90943 | ||
| 011 | _a91915 | ||
| 020 | _a9701005074 | ||
| 035 | _a102478 | ||
| 040 | _cCHAP | ||
| 082 | 0 | 4 |
_a331.8912 _bA3 |
| 100 | 0 | 0 |
_aAdame Goddard, Jorge. _9827 |
| 245 | 1 | 3 |
_aEl contrato de compraventa internacional _c/por Jorge Adame Goddard |
| 260 |
_aMéxico, D. F. : _bMcGraw-Hill, _c2001 |
||
| 300 | _a495 p. | ||
| 410 | 2 | 1 | _aInstituto de Investigaciones Jurídicas |
| 490 | 0 |
_aSerie G : estudios doctrinales _v; Núm. 153 |
|
| 590 |
_aBATCH-UPD _b10 _c20130110 _lUCH01 _h0540 |
||
| 590 |
_aBATCH-UPD _b10 _c20130110 _lUCH01 _h2338 |
||
| 590 |
_aBATCH-UPD _b10 _c20130410 _lUCH01 _h1627 |
||
| 590 |
_aBATCH-UPD _b10 _c20130913 _lUCH01 _h1924 |
||
| 590 |
_aCONVERSION _b10 _c20130109 _lUCH01 _h1350 |
||
| 650 | 1 | 4 |
_aComercio internacional. _925641 |
| 650 | 1 | 4 |
_aCompras. _926106 |
| 650 | 1 | 4 |
_aContratos. _927452 |
| 650 | 1 | 4 |
_aVentas. _9118732 |
| 810 | 0 | 0 |
_aInstituto de Investigaciones Jurídicas _959149 |
| 830 | 0 | 0 |
_aSerie G : estudios doctrinales _v; Núm. 153 _9104883 |
| 901 | _aBK | ||
| 905 | _aMarco A. Mendoza T. | ||
| 911 | _aCustodia | ||
| 942 | _cLIBRO | ||
| 949 |
_a331.8912 A3 _bBC _cLIBRO _d33724000961595 _eLIBRO _gI.c/e _h107201 _i102478 _sb _t$259.00 |
||
| 999 |
_c90943 _d90943 |
||